000 00267nam a2200109Ia 4500
008 220204s9999 xx 000 0 und d
082 _a82-3MB
_bCOR
100 _aCork, Dorothy
245 4 _aThe Kurranulla round
260 _aLondon
_bMills and Boon
_c1979
942 _cBK
999 _c35726
_d35726